<?xml version="1.0" encoding="UTF-8"?>
<record
    xmlns:xsi="http://www.w3.org/2001/XMLSchema-instance"
    xsi:schemaLocation="http://www.loc.gov/MARC21/slim http://www.loc.gov/standards/marcxml/schema/MARC21slim.xsd"
    xmlns="http://www.loc.gov/MARC21/slim">

  <leader>00842nam a2200205 a 4500</leader>
  <controlfield tag="001">BRCA_865</controlfield>
  <controlfield tag="005">20190320203202.0</controlfield>
  <controlfield tag="008">920723s1991    sp-a---###---#000-0cspa-d</controlfield>
  <datafield tag="020" ind1=" " ind2=" ">
    <subfield code="a">8440486111</subfield>
  </datafield>
  <datafield tag="040" ind1=" " ind2=" ">
    <subfield code="a">NCorniM</subfield>
    <subfield code="c">NCorniM</subfield>
    <subfield code="d">DLC</subfield>
  </datafield>
  <datafield tag="050" ind1=" " ind2="4">
    <subfield code="a">NK5205.R4</subfield>
    <subfield code="b">.R43 1991</subfield>
  </datafield>
  <datafield tag="245" ind1="1" ind2="0">
    <subfield code="a">Real F&#xE1;brica de Cristales</subfield>
    <subfield code="b">tecnolog&#xED;a y arte del vidrio en el siglo XVIII.</subfield>
  </datafield>
  <datafield tag="260" ind1=" " ind2=" ">
    <subfield code="a">San Ildefonso, Segovia</subfield>
    <subfield code="b">Fundaci&#xF3;n Centro Nacional del Vidrio : Real F&#xE1;brica de Cristales de la Granja</subfield>
    <subfield code="c">1991</subfield>
  </datafield>
  <datafield tag="300" ind1=" " ind2=" ">
    <subfield code="a">126 p.</subfield>
    <subfield code="b">il. (algunas a color)</subfield>
    <subfield code="c">30 cm.</subfield>
  </datafield>
  <datafield tag="500" ind1=" " ind2=" ">
    <subfield code="a">Cat&#xE1;logo de la exposici&#xF3;n &#xB4;vidrio de la granja 1988-1989&#xB4;</subfield>
  </datafield>
  <datafield tag="610" ind1="2" ind2="4">
    <subfield code="a">Real F&#xE1;brica de Cristales de San Ildefonso</subfield>
    <subfield code="v">Exposiciones</subfield>
    <subfield code="9">2885</subfield>
  </datafield>
  <datafield tag="650" ind1="1" ind2="4">
    <subfield code="a">Fabricaci&#xF3;n del vidrio</subfield>
    <subfield code="y">Siglo XVIII</subfield>
    <subfield code="z">Espa&#xF1;a</subfield>
    <subfield code="9">2886</subfield>
  </datafield>
  <datafield tag="740" ind1="0" ind2=" ">
    <subfield code="a">Tecnolog&#xED;a y arte del vidrio en el siglo XVIII</subfield>
  </datafield>
  <datafield tag="942" ind1=" " ind2=" ">
    <subfield code="2">lcc</subfield>
    <subfield code="c">B</subfield>
  </datafield>
  <datafield tag="999" ind1=" " ind2=" ">
    <subfield code="c">760</subfield>
    <subfield code="d">760</subfield>
  </datafield>
  <datafield tag="952" ind1=" " ind2=" ">
    <subfield code="0">0</subfield>
    <subfield code="1">0</subfield>
    <subfield code="4">0</subfield>
    <subfield code="7">0</subfield>
    <subfield code="a">BRCA</subfield>
    <subfield code="b">BRCA</subfield>
    <subfield code="d">2008-06-26</subfield>
    <subfield code="l">0</subfield>
    <subfield code="o">NK5205.R4 .R43 1991</subfield>
    <subfield code="p">01337</subfield>
    <subfield code="r">2019-03-22 00:00:00</subfield>
    <subfield code="w">2019-03-22</subfield>
    <subfield code="y">B</subfield>
  </datafield>
</record>
